00791nam a2200193 i 450000100060000000300090000600700030001500800410001810000330005924501320009225000590022426000560028330000220033970000370036170000300039885200310042899900170045995201210047678167ES-MaACLt|041011s1945 mx ||||1| spa d1 aHansen, Alvin Harvey.96175910aPolítica fiscal y ciclo económico / cAlvin H. Hansen ; versión española de Rafael Fernández Maza y Cristóbal Lara. a[1ª ed. en español y puesta al día por el autor]. aMéxico : bFondo de Cultura Económica, c[1945] a491 p. ; c22 cm.1 aFernández Maza, Rafael.9499191 aLara, Cristóbal.970200 aES-MaACLjE-1858 bR.22618 c78167d78167 00104070aATENEOMbATENEOMcDEPO2d2008-01-17eSCl0oE-1858p1081770r2023-02-23 00:00:00w2023-02-23yMONOGRAFIA